[Event "Tenerife-chT Preferente"]
[Site "Tenerife"]
[Date "2021.09.11"]
[Round "10.2"]
[White "Franco, Victor"]
[Black "Amador Garcia, Ismael"]
[Result "0-1"]
[WhiteElo "2119"]
[BlackElo "2115"]
[PlyCount "99"]
[EventDate "2021.02.27"]
[EventType "team-tourn"]
[EventRounds "14"]
[EventCountry "ESP"]
[SourceTitle "EXT 2023"]
[Source "ChessBase"]
[SourceDate "2022.10.05"]
[SourceVersion "1"]
[SourceVersionDate "2022.10.05"]
[SourceQuality "1"]
[WhiteTeam "Rey Ahogado"]
[BlackTeam "Ebano Barrio Nuevo"]
[WhiteTeamCountry "ESP"]
[BlackTeamCountry "ESP"]

1. d4 Nf6 2. c4 g6 3. Nc3 Bg7 4. e4 d6 5. Nf3 0-0 6. Be2 Na6 7. Be3 e5 8. 0-0 c6 9. Re1 Ng4 10. Bg5 Qc7 11. h3 exd4 12. Nxd4 Qb6 13. Bxg4 Bxd4 14. Qd2 Bxg4 15. hxg4 Be5 16. Rac1 Nc5 17. b3 Rfe8 18. Be3 Qb4 19. Bd4 Ne6 20. Be3 Nc5 21. Bd4 a5 22. f4 Bxd4+ 23. Qxd4 a4 24. Nxa4 Nxa4 25. bxa4 Rxa4 26. Re2 d5 27. Rb2 Qa3 28. exd5 cxd5 29. Rbc2 b5 30. Rc3 Rxc4 31. Qxc4 Qxc1+ 32. Rxc1 bxc4 33. Kf2 Ra8 34. Rc2 Kf8 35. Ke3 Ke7 36. Kd4 Kd6 37. Rb2 Kc6 38. f5 Re8 39. fxg6 fxg6 40. a4 Re4+ 41. Kc3 Rxg4 42. a5 Kc5 43. Rb7 d4+ 44. Kb2 Rxg2+ 45. Kb1 Rg3 46. Ka2 Rg5 47. Kb1 Kc6 48. Rb6+ Kc7 49. Rb4 Rxa5 50. Rxc4+ 0-1

[Event "DSOL 03 Liga Gr-C 1st"]
[Site "Playchess.com INT"]
[Date "2020.07.29"]
[Round "6.1"]
[White "Franco, Victor"]
[Black "Schlangenotto, Niklas"]
[Result "1-0"]
[WhiteElo "2134"]
[BlackElo "1954"]
[PlyCount "43"]
[EventDate "2020.06.22"]
[EventType "team-tourn (rapid)"]
[EventCountry "GER"]
[SourceTitle "EXT 2021"]
[Source "ChessBase"]
[SourceDate "2020.10.23"]
[SourceVersion "1"]
[SourceVersionDate "2020.10.23"]
[SourceQuality "1"]
[WhiteTeam "Mariendorf Tempelhof"]
[BlackTeam "Paderborn Blauer Springer"]
[WhiteTeamCountry "GER"]
[BlackTeamCountry "GER"]

1. Nf3 d5 2. g3 c5 3. Bg2 e6 4. b3 Nf6 5. Bb2 Nc6 6. e3 Bd6 7. d4 0-0 8. 0-0 b6 9. Nbd2 Bb7 10. c4 Qe7 11. dxc5 bxc5 12. a3 Rfd8 13. Qc2 a5 14. cxd5 exd5 15. Rfe1 Rac8 16. e4 dxe4 17. Bxf6 Qxf6 18. Nxe4 Qg6 19. Nh4 Qh5 20. Nxd6 Rxd6 21. Nf5 Nd4 22. Nxd4 1-0

[Event "DSOL 03 Liga Gr-C 1st"]
[Site "Playchess.com INT"]
[Date "2020.06.24"]
[Round "1.1"]
[White "Eilenberg, Jonas"]
[Black "Franco, Victor"]
[Result "0-1"]
[WhiteElo "2142"]
[BlackElo "2134"]
[PlyCount "174"]
[EventDate "2020.06.22"]
[EventType "team-tourn (rapid)"]
[EventCountry "GER"]
[SourceTitle "EXT 2021"]
[Source "ChessBase"]
[SourceDate "2020.10.23"]
[SourceVersion "1"]
[SourceVersionDate "2020.10.23"]
[SourceQuality "1"]
[WhiteTeam "Koenigsjaeger Sued West"]
[BlackTeam "Mariendorf Tempelhof"]
[WhiteTeamCountry "GER"]
[BlackTeamCountry "GER"]

1. d4 d5 2. Nf3 Nf6 3. e3 e6 4. Bd3 c5 5. c3 Be7 6. 0-0 0-0 7. Nbd2 b6 8. e4 Ba6 9. Bxa6 Nxa6 10. e5 Nd7 11. Qe2 Qc8 12. a3 Qb7 13. Kh1 Rfc8 14. h4 Nab8 15. Nb3 Qa6 16. Qd1 Nc6 17. Bf4 Qb5 18. a4 Qc4 19. Re1 cxd4 20. Nbxd4 Nxd4 21. Nxd4 Nc5 22. Qg4 Nd3 23. Re2 Nxf4 24. Qxf4 Bc5 25. Rd2 Bxd4 26. Qxd4 Qa6 27. b3 Qa5 28. Rd3 Qc5 29. Qf4 Rc7 30. Rg3 Kh8 31. h5 h6 32. Re1 Rg8 33. Ree3 Qa3 34. Rg4 Qxb3 35. Reg3 Qd1+ 36. Kh2 Kh7 37. Qe3 Rc5 38. Rf3 Rc7 39. Rd4 Qb1 40. Rdf4 Rf8 41. Rg3 Qd1 42. Rfg4 Rg8 43. Rh4 Qb1 44. Rf4 Qd1 45. Rfg4 a6 46. Rf3 Rgc8 47. Rfg3 Rg8 48. Qxb6 Rxc3 49. Qd4 Qxd4 50. Rxd4 Rxg3 51. Kxg3 Rb8 52. Kf3 Rb3+ 53. Ke2 a5 54. Rf4 Kg8 55. g3 Rb2+ 56. Kd3 Ra2 57. Kc3 Ra1 58. Kd2 Kf8 59. Rh4 Ke7 60. Ke2 Ra2+ 61. Kf1 Rb2 62. Rg4 Rb1+ 63. Ke2 Rh1 64. Rxg7 Rxh5 65. f4 Rh2+ 66. Ke1 Kf8 67. Rg4 h5 68. Rg5 h4 69. gxh4 Rxh4 70. f5 Re4+ 71. Kd1 Rxe5 72. Rh5 Rxf5 73. Rh8+ Ke7 74. Ra8 d4 75. Ra7+ Kf6 76. Kd2 Rc5 77. Kd3 Ke5 78. Rxf7 Rc3+ 79. Kd2 Rc4 80. Kd3 Rxa4 81. Rf1 Kd5 82. Rb1 Ra3+ 83. Kd2 e5 84. Rb2 e4 85. Ke2 e3 86. Rb8 Ra2+ 87. Ke1 d3 0-1

[Event "Tenerife-chT Preferente 1920"]
[Site "Tenerife"]
[Date "2019.12.14"]
[Round "2.3"]
[White "Franco, Victor"]
[Black "Fernandez Vazquez, Jorge"]
[Result "1-0"]
[WhiteElo "2127"]
[BlackElo "1975"]
[PlyCount "47"]
[EventDate "2019.11.30"]
[EventType "team-tourn"]
[EventRounds "14"]
[EventCountry "ESP"]
[SourceTitle "CBM 195 Extra"]
[Source "ChessBase"]
[SourceDate "2020.05.31"]
[SourceVersion "1"]
[SourceVersionDate "2020.05.31"]
[SourceQuality "1"]
[WhiteTeam "Rey Ahogado"]
[BlackTeam "Al Shah Mat Los Realejos"]
[WhiteTeamCountry "ESP"]
[BlackTeamCountry "ESP"]

1. Nf3 Nf6 2. c4 e6 3. g3 b6 4. Bg2 Bb7 5. 0-0 Be7 6. b3 0-0 7. Bb2 d5 8. Ne5 c5 9. d3 Qc7 10. Nd2 Nfd7 11. Nxd7 Nxd7 12. Rc1 d4 13. Nf3 e5 14. e3 dxe3 15. fxe3 e4 16. Nh4 exd3 17. Bxb7 Qxb7 18. Qg4 g6 19. Nf5 Bf6 20. Nh6+ Kg7 21. Rxf6 Nxf6 22. Qg5 Rfe8 23. Qxf6+ Kxh6 24. Qh4# 1-0

[Event "Tenerife-chT Preferente 1819"]
[Site "Tenerife"]
[Date "2019.04.06"]
[Round "13.2"]
[White "Gonzalez Isac, Alberto"]
[Black "Franco, Victor"]
[Result "0-1"]
[WhiteElo "1925"]
[BlackElo "2130"]
[PlyCount "96"]
[EventDate "2018.11.24"]
[EventType "team-tourn"]
[EventRounds "14"]
[EventCountry "ESP"]
[SourceTitle "EXT 2021"]
[Source "ChessBase"]
[SourceDate "2020.10.23"]
[SourceVersion "1"]
[SourceVersionDate "2020.10.23"]
[SourceQuality "1"]
[WhiteTeam "Circulo de Amistad"]
[BlackTeam "Rey Ahogado"]
[WhiteTeamCountry "ESP"]
[BlackTeamCountry "ESP"]

1. d4 d5 2. Bf4 Nf6 3. Nf3 e6 4. e3 Bd6 5. Ne5 0-0 6. Bd3 c5 7. c3 b6 8. 0-0 Ba6 9. Bxa6 Nxa6 10. h3 Qc7 11. Na3 Qb7 12. Nb5 Be7 13. Ng4 Nxg4 14. hxg4 Qd7 15. a4 Rac8 16. g5 Nb8 17. Qh5 a6 18. Na3 Bd6 19. Nc2 Bxf4 20. exf4 Nc6 21. dxc5 bxc5 22. Rad1 f6 23. Rfe1 fxg5 24. Qxg5 Rf5 25. Qg4 Qf7 26. g3 Rf8 27. Ne3 Rf6 28. Rd2 Rg6 29. Qh4 Qxf4 30. Qxf4 Rxf4 31. b3 Rf8 32. Kg2 Rb8 33. Rb2 Na5 34. Reb1 d4 35. cxd4 cxd4 36. Nf1 e5 37. Nd2 Rb4 38. f3 Rgb6 39. Kf2 Kf7 40. Ke2 Ke6 41. Kd3 Kd5 42. Kc2 Rh6 43. Kd3 Rh2 44. Re1 Nb7 45. Rc1 Rh3 46. Ne4 Rh6 47. Rc7 Rhb6 48. Rcc2 Rxb3+ 0-1

[Event "Tenerife-chT Preferente 1819"]
[Site "Tenerife"]
[Date "2019.03.30"]
[Round "12.1"]
[White "Lopez Pereyra, Antonio"]
[Black "Franco, Victor"]
[Result "0-1"]
[WhiteElo "2066"]
[BlackElo "2130"]
[PlyCount "80"]
[EventDate "2018.11.24"]
[EventType "team-tourn"]
[EventRounds "14"]
[EventCountry "ESP"]
[SourceTitle "CBM 189 Extra"]
[Source "ChessBase"]
[SourceDate "2019.06.03"]
[SourceVersion "1"]
[SourceVersionDate "2019.06.03"]
[SourceQuality "1"]
[WhiteTeam "Canarias 64"]
[BlackTeam "Rey Ahogado"]
[WhiteTeamCountry "ESP"]
[BlackTeamCountry "ESP"]

1. e4 c5 2. Nf3 e6 3. d4 cxd4 4. Nxd4 Nc6 5. Nc3 Qc7 6. Be2 a6 7. 0-0 Nf6 8. Kh1 Nxd4 9. Qxd4 Bc5 10. Qd3 b5 11. f4 b4 12. e5 bxc3 13. exf6 gxf6 14. Qxc3 Bb7 15. Bf3 Bxf3 16. Rxf3 Qd6 17. Rd3 Qc6 18. Bd2 Rg8 19. Rg3 Rxg3 20. Qxg3 Ke7 21. Bc3 Qd5 22. Re1 Qf5 23. h3 Bd6 24. Rf1 Rc8 25. Qf3 Rc4 26. g4 Qxc2 27. g5 fxg5 28. Rf2 Qc1+ 29. Rf1 Rxf4 30. Qxf4 Bxf4 31. Rxc1 Bxc1 32. Kg2 Kd6 33. Kf3 f5 34. b4 Kd5 35. Be1 Kc4 36. a4 Ba3 37. b5 axb5 38. a5 Kc5 39. Bf2+ Kc6 40. a6 d6 0-1

[Event "Tenerife-chT Preferente 1819"]
[Site "Tenerife"]
[Date "2018.11.24"]
[Round "1.1"]
[White "Kurajica, Bojan"]
[Black "Franco, Victor"]
[Result "1-0"]
[WhiteElo "2529"]
[BlackElo "2130"]
[PlyCount "92"]
[EventDate "2018.11.24"]
[EventType "team-tourn"]
[EventRounds "14"]
[EventCountry "ESP"]
[SourceTitle "CBM 189 Extra"]
[Source "ChessBase"]
[SourceDate "2019.06.03"]
[SourceVersion "1"]
[SourceVersionDate "2019.06.03"]
[SourceQuality "1"]
[WhiteTeam "Al Shah Mat Los Realejos"]
[BlackTeam "Rey Ahogado"]
[WhiteTeamCountry "ESP"]
[BlackTeamCountry "ESP"]

1. Nf3 c5 2. c4 Nf6 3. Nc3 e6 4. g3 Nc6 5. Bg2 d5 6. cxd5 exd5 7. d4 c4 8. 0-0 Be7 9. Ne5 0-0 10. b3 cxb3 11. axb3 Be6 12. Nxc6 bxc6 13. Na4 Nd7 14. Qc2 Rc8 15. Ba3 Bxa3 16. Rxa3 Qe7 17. Rfa1 Qb4 18. Qd1 Rfd8 19. e3 g6 20. Nb2 Rb8 21. Nd3 Qb6 22. b4 Bf5 23. Nc5 Qxb4 24. Rb3 Qc4 25. Bf1 Qc2 26. Rxb8 Nxb8 27. Qxc2 Bxc2 28. Rxa7 Bf5 29. Rc7 Rc8 30. Rb7 Rd8 31. Rb6 Rc8 32. Rb7 Rd8 33. Ra7 Nd7 34. Na6 Rc8 35. f3 Nf8 36. g4 Be6 37. Nc5 h5 38. h3 hxg4 39. hxg4 Rb8 40. Kf2 g5 41. Re7 Rb2+ 42. Kg3 Rb8 43. Rc7 Rb6 44. f4 f6 45. f5 Bf7 46. Rc8 Kg7 1-0

[Event "Tenerife-chT Preferente 1718"]
[Site "Tenerife"]
[Date "2018.02.24"]
[Round "10.3"]
[White "Franco, Victor"]
[Black "Ramos Aguilar, Jose Manuel"]
[Result "1-0"]
[WhiteElo "2096"]
[BlackElo "2061"]
[PlyCount "123"]
[EventDate "2017.11.11"]
[EventType "team-tourn"]
[EventRounds "14"]
[EventCountry "ESP"]
[SourceTitle "EXT 2019"]
[Source "ChessBase"]
[SourceDate "2018.10.10"]
[SourceVersion "1"]
[SourceVersionDate "2018.10.10"]
[SourceQuality "1"]
[WhiteTeam "Rey Ahogado"]
[BlackTeam "Ebano Casa Venezuela"]
[WhiteTeamCountry "ESP"]
[BlackTeamCountry "ESP"]

1. d4 g6 2. Nf3 Bg7 3. c4 c5 4. d5 d6 5. e4 Nf6 6. Nc3 0-0 7. Bd3 e6 8. 0-0 exd5 9. cxd5 Bg4 10. h3 Bxf3 11. Qxf3 Nbd7 12. Qd1 a6 13. a4 Ne8 14. Be3 Rc8 15. Qe2 f5 16. f4 Kh8 17. exf5 gxf5 18. Qh5 Qf6 19. Bf2 c4 20. Bc2 Nc5 21. Rad1 Qg6 22. Qf3 Nf6 23. Rfe1 Nfe4 24. Nxe4 Nxe4 25. Bxe4 fxe4 26. Rxe4 Bxb2 27. Qe2 Bf6 28. Rxc4 Rg8 29. Bd4 Bxd4+ 30. Rdxd4 Rxc4 31. Rxc4 Re8 32. Qb2+ Qg7 33. Qxg7+ Kxg7 34. Rc7+ Kf6 35. Rxb7 Re4 36. Rb6 Ke7 37. Rxa6 Rxf4 38. Ra7+ Kf6 39. Rxh7 Rxa4 40. Rh5 Kg6 41. g4 Ra2 42. Rf5 Rd2 43. Kf1 Rh2 44. Rh5 Rd2 45. Rf5 Rh2 46. Rh5 Rd2 47. Ke1 Rh2 48. h4 Rg2 49. Rg5+ Kf6 50. Rf5+ Kg6 51. h5+ Kg7 52. Rg5+ Kf6 53. Rf5+ Kg7 54. g5 Rh2 55. g6 Rg2 56. Kf1 Rh2 57. Rf7+ Kg8 58. Rh7 Rd2 59. h6 Rxd5 60. Rd7 Rf5+ 61. Ke2 Rf8 62. h7+ 1-0

[Event "Tenerife-chT Preferente 1718"]
[Site "Tenerife"]
[Date "2017.12.02"]
[Round "3.2"]
[White "Franco, Victor"]
[Black "Hernandez Leon, Sergio"]
[Result "1/2-1/2"]
[WhiteElo "2096"]
[BlackElo "2109"]
[PlyCount "83"]
[EventDate "2017.11.11"]
[EventType "team-tourn"]
[EventRounds "14"]
[EventCountry "ESP"]
[SourceTitle "EXT 2019"]
[Source "ChessBase"]
[SourceDate "2018.10.10"]
[SourceVersion "1"]
[SourceVersionDate "2018.10.10"]
[SourceQuality "1"]
[WhiteTeam "Rey Ahogado"]
[BlackTeam "Ebano Casa Venezuela"]
[WhiteTeamCountry "ESP"]
[BlackTeamCountry "ESP"]

1. Nf3 Nf6 2. c4 e6 3. g3 b6 4. Bg2 Bb7 5. 0-0 Be7 6. b3 0-0 7. Bb2 c5 8. d4 cxd4 9. Nxd4 Bxg2 10. Kxg2 d5 11. Nd2 Qd7 12. N4f3 Nc6 13. cxd5 Qxd5 14. Nc4 Rfd8 15. Qxd5 Rxd5 16. Ne3 Rdd8 17. Rac1 Rac8 18. Rfd1 Rxd1 19. Rxd1 Nb4 20. Kg1 Kf8 21. Ne5 Nfd5 22. Nxd5 Nxd5 23. e4 Nf6 24. f3 Rc2 25. Bd4 Ke8 26. a4 Bc5 27. Bxc5 Rxc5 28. Nc4 Ke7 29. Kf2 Ne8 30. Ke3 f6 31. f4 Rc6 32. e5 Nc7 33. Rd6 Nd5+ 34. Kd4 Rc5 35. a5 Rb5 36. axb6 axb6 37. exf6+ gxf6 38. f5 e5+ 39. Ke4 Nc3+ 40. Kd3 Nd5 41. Ke4 Nc3+ 42. Kd3 1/2-1/2

[Event "Canarias-chT"]
[Site "San Cristobal de La Laguna"]
[Date "2017.06.24"]
[Round "5.2"]
[White "Hoyas Cebrian, Lucas"]
[Black "Franco, Victor"]
[Result "0-1"]
[WhiteElo "1860"]
[BlackElo "2106"]
[PlyCount "90"]
[EventDate "2017.06.22"]
[EventType "team-swiss"]
[EventRounds "6"]
[EventCountry "ESP"]
[SourceTitle "EXT 2024"]
[Source "ChessBase"]
[SourceDate "2023.10.10"]
[SourceVersion "1"]
[SourceVersionDate "2023.10.10"]
[SourceQuality "1"]
[WhiteTeam "La Victoria 94"]
[BlackTeam "Rey Ahogado"]
[WhiteTeamCountry "ESP"]
[BlackTeamCountry "ESP"]

1. e4 c5 2. Nf3 d6 3. Bb5+ Bd7 4. Bxd7+ Qxd7 5. 0-0 Nc6 6. Re1 g6 7. c3 Bg7 8. d4 cxd4 9. cxd4 Nf6 10. Nc3 0-0 11. Bg5 h6 12. Bh4 Rac8 13. e5 Nh5 14. exd6 Qxd6 15. d5 Ne5 16. Nd4 Rc4 17. Nf5 gxf5 18. Qxh5 Ng6 19. Bxe7 Nxe7 20. Qe2 Bxc3 21. bxc3 Re4 22. Qd2 Qxd5 23. Qxh6 Ng6 24. Rxe4 Qxe4 25. g3 Rd8 26. h4 Qg4 27. h5 Nh4 28. Qf6 Nf3+ 29. Kg2 Re8 30. h6 Ne1+ 31. Kg1 Qg6 32. h7+ Kxh7 33. Qh4+ Kg8 34. Kf1 Qa6+ 35. c4 Nf3 36. Qf4 Qxc4+ 37. Qxc4 Nd2+ 38. Kg2 Nxc4 39. Rc1 b5 40. a4 Rc8 41. Rc3 b4 42. Rb3 a5 43. Rf3 Rc5 44. Rb3 Nb6 45. Kf3 Rc3+ 0-1

[Event "Tenerife-chT Preferente 1617"]
[Site "Tenerife"]
[Date "2017.03.11"]
[Round "8.2"]
[White "Martinez Rojas, Carlos Jose"]
[Black "Franco, Victor"]
[Result "1/2-1/2"]
[WhiteElo "1936"]
[BlackElo "2095"]
[PlyCount "35"]
[EventDate "2016.12.10"]
[EventType "team-tourn"]
[EventRounds "14"]
[EventCountry "ESP"]
[SourceTitle "EXT 2018"]
[Source "ChessBase"]
[SourceDate "2017.10.13"]
[SourceVersion "1"]
[SourceVersionDate "2017.10.13"]
[SourceQuality "1"]
[WhiteTeam "Al Shah Mat Los Realejos II"]
[BlackTeam "Rey Ahogado"]
[WhiteTeamCountry "ESP"]
[BlackTeamCountry "ESP"]

1. e4 e5 2. Nf3 Nc6 3. Bb5 a6 4. Bxc6 dxc6 5. Nc3 f6 6. d4 Bg4 7. dxe5 Qxd1+ 8. Nxd1 Bxf3 9. gxf3 fxe5 10. Bd2 Bd6 11. Rg1 Kf7 12. Ne3 Ne7 13. Bc3 Ng6 14. Nf5 Rhe8 15. 0-0-0 Rad8 16. Rg2 Bf8 17. Bd2 Ne7 18. Ne3 1/2-1/2

[Event "Tenerife-chT"]
[Site "Tenerife"]
[Date "2013.01.26"]
[Round "2.3"]
[White "Franco, Victor"]
[Black "Evora Brondo, Jose Luis"]
[Result "1-0"]
[WhiteElo "2104"]
[BlackElo "1922"]
[PlyCount "115"]
[EventDate "2013.01.19"]
[EventType "team-tourn"]
[EventRounds "14"]
[EventCountry "ESP"]
[SourceTitle "EXT 2014"]
[Source "ChessBase"]
[SourceDate "2013.11.20"]
[SourceVersion "1"]
[SourceVersionDate "2013.11.20"]
[SourceQuality "1"]
[WhiteTeam "Rey Ahogado"]
[BlackTeam "Circulo de Amistad XII"]
[WhiteTeamCountry "ESP"]
[BlackTeamCountry "ESP"]

1. d4 d5 2. c4 c6 3. Nf3 Nf6 4. e3 g6 5. Nc3 b6 6. Qb3 e6 7. cxd5 exd5 8. e4 Nxe4 9. Nxe4 Qe7 10. Ne5 f6 11. Nxf6+ Qxf6 12. Be2 Bg7 13. Qa3 Bf8 14. Qb3 Bg7 15. Qg3 0-0 16. Bg5 Qd6 17. 0-0 Nd7 18. Nxd7 Qxg3 19. hxg3 Bxd7 20. Rfd1 Rfe8 21. Bf3 h6 22. Be3 Rac8 23. Rac1 Kh7 24. Be2 Re4 25. Bf3 Re7 26. g4 g5 27. Be2 Kg8 28. b4 Rce8 29. Bf3 Kh8 30. a4 Kg8 31. Rd3 Re6 32. b5 Kh8 33. Rb3 Rd6 34. g3 Rf8 35. Kg2 Rc8 36. Rbc3 Kh7 37. Be2 Kg6 38. Bd3+ Kf7 39. Bf5 Ke7 40. f4 Bf6 41. Rh1 Rg8 42. bxc6 Rxc6 43. Rxc6 Bxc6 44. Rxh6 Bxa4 45. fxg5 Bxg5 46. Rh7+ Kd6 47. Bf4+ Bxf4 48. gxf4 a5 49. Rh6+ Kc7 50. Be6 Rg7 51. g5 Bc6 52. g6 Kd6 53. Bf7 Ke7 54. Rh5 a4 55. Re5+ Kd6 56. f5 a3 57. f6 a2 58. Re1 1-0

[Event "Gran Canaria CupT"]
[Site "Gran Canaria"]
[Date "2011.06.02"]
[Round "1.2"]
[White "Franco, Victor"]
[Black "Cabrera Trujillo, Jorge Juan"]
[Result "0-1"]
[WhiteElo "2146"]
[BlackElo "2401"]
[PlyCount "120"]
[EventDate "2011.06.02"]
[EventType "team-tourn"]
[EventRounds "7"]
[EventCountry "ESP"]
[SourceTitle "CBM 142 Extra"]
[Source "ChessBase"]
[SourceDate "2011.06.27"]
[SourceVersion "1"]
[SourceVersionDate "2011.06.27"]
[SourceQuality "1"]
[WhiteTeam "Rey Ahogado"]
[BlackTeam "Tenerife CajaCanarias"]
[WhiteTeamCountry "ESP"]
[BlackTeamCountry "ESP"]

1. d4 d5 2. Nf3 Nf6 3. c4 c6 4. e3 e6 5. Bd3 Nbd7 6. Nbd2 Bd6 7. 0-0 0-0 8. e4 dxe4 9. Nxe4 Nxe4 10. Bxe4 h6 11. b3 e5 12. dxe5 Nxe5 13. Bb2 Nxf3+ 14. Bxf3 Bc7 15. Qd4 Qxd4 16. Bxd4 a5 17. Bc5 Re8 18. Rfe1 Be6 19. h3 g6 20. Rad1 a4 21. Bd6 Bxd6 22. Rxd6 Red8 23. Rxd8+ Rxd8 24. Rd1 Ra8 25. Bg4 f5 26. Bf3 Kf7 27. b4 Ke7 28. Be2 a3 29. Rd2 Ra4 30. b5 Bxc4 31. bxc6 bxc6 32. Bxc4 Rxc4 33. Rd3 Rc1+ 34. Kh2 Rc2 35. Rxa3 Rxf2 36. Ra7+ Kf6 37. Rc7 Rc2 38. a4 f4 39. Kg1 Kg5 40. Rf7 Rc4 41. a5 Kh4 42. Kf2 g5 43. a6 h5 44. a7 Ra4 45. Rc7 Ra2+ 46. Kf3 Ra3+ 47. Kf2 g4 48. hxg4 hxg4 49. Rh7+ Kg5 50. Rg7+ Kf5 51. Rf7+ Ke4 52. Re7+ Kd5 53. Rd7+ Ke6 54. Rc7 Ra2+ 55. Kf1 Kd5 56. Rd7+ Ke4 57. Re7+ Kf5 58. Rf7+ Kg5 59. Rc7 Kh4 60. Rxc6 Kg3 0-1

[Event "Ruhrgebiet VK3 0405"]
[Site "Ruhrgebiet"]
[Date "2005.03.13"]
[Round "8.1"]
[White "Franco, Victor"]
[Black "Villwock, Martin"]
[Result "0-1"]
[WhiteElo "2125"]
[BlackElo "2109"]
[PlyCount "62"]
[EventDate "2004.09.12"]
[EventType "team"]
[EventRounds "9"]
[EventCountry "GER"]
[SourceTitle "EXT 2006"]
[Source "ChessBase"]
[SourceDate "2005.11.24"]
[SourceVersion "1"]
[SourceVersionDate "2005.11.24"]
[SourceQuality "1"]
[WhiteTeam "Dortmund Hansa III"]
[BlackTeam "Katernberg III"]
[WhiteTeamCountry "GER"]
[BlackTeamCountry "GER"]

1. d4 Nf6 2. Nf3 c5 3. c4 cxd4 4. Nxd4 e5 5. Nc2 b5 6. Nc3 bxc4 7. e4 Bb7 8. Bxc4 Na6 9. 0-0 Rc8 10. Qe2 Nc5 11. f4 Bd6 12. Bxf7+ Kxf7 13. fxe5 Ba6 14. Qf3 Bxe5 15. Qh5+ g6 16. Qxe5 Bxf1 17. Bg5 Re8 18. Qd6 Rc6 19. Qd2 Bc4 20. Nb4 Qb6 21. Nxc6 Ncxe4+ 22. Qd4 dxc6 23. Be3 Qxd4 24. Bxd4 c5 25. Nxe4 Nxe4 26. Be3 Bd3 27. Rc1 c4 28. b3 c3 29. Bxa7 c2 30. Bd4 Rd8 31. Bb2 Be2 0-1

[Event "Ruhrgebiet VK3 0405"]
[Site "Ruhrgebiet"]
[Date "2005.01.30"]
[Round "6.1"]
[White "Franco, Victor"]
[Black "Evertz, Dieter"]
[Result "1-0"]
[WhiteElo "2125"]
[BlackElo "2035"]
[PlyCount "75"]
[EventDate "2004.09.12"]
[EventType "team"]
[EventRounds "9"]
[EventCountry "GER"]
[SourceTitle "EXT 2006"]
[Source "ChessBase"]
[SourceDate "2005.11.24"]
[SourceVersion "1"]
[SourceVersionDate "2005.11.24"]
[SourceQuality "1"]
[WhiteTeam "Dortmund Hansa III"]
[BlackTeam "Herne Sodingen II"]
[WhiteTeamCountry "GER"]
[BlackTeamCountry "GER"]

1. Nf3 g6 2. d4 Bg7 3. c4 d6 4. Nc3 Nf6 5. e4 0-0 6. h3 Nc6 7. d5 Ne5 8. Nxe5 dxe5 9. Be2 Nd7 10. g4 a5 11. Be3 b6 12. h4 Re8 13. Qc2 e6 14. 0-0-0 Qe7 15. g5 Nc5 16. h5 Rd8 17. hxg6 hxg6 18. f3 Bd7 19. Bf1 a4 20. Kb1 a3 21. b3 Na6 22. Qh2 Nb4 23. Qh7+ Kf8 24. Rd2 exd5 25. cxd5 Qd6 26. Bb5 Ra5 27. Bxd7 Rxd7 28. Qh3 Rd8 29. Qf1 Kg8 30. Rdh2 Qd7 31. Rh7 c6 32. Bxb6 Rxd5 33. exd5 Qf5+ 34. Ne4 Rxd5 35. Qh3 Qxh3 36. R7xh3 Nd3 37. Nf6+ Kf8 38. Bc5+ 1-0

[Event "Ruhrgebiet VK2 0304"]
[Site "Ruhrgebiet"]
[Date "2004.02.29"]
[Round "7.1"]
[White "Franco, Victor"]
[Black "Heimsoth, Sven Holger"]
[Result "0-1"]
[WhiteElo "2073"]
[BlackElo "2103"]
[PlyCount "54"]
[EventDate "2003.09.28"]
[EventType "team"]
[EventRounds "9"]
[EventCountry "GER"]
[SourceTitle "EXT 2007"]
[Source "ChessBase"]
[SourceDate "2006.11.23"]
[SourceVersion "1"]
[SourceVersionDate "2006.11.23"]
[SourceQuality "1"]
[WhiteTeam "Dortmund Hansa III"]
[BlackTeam "Muelheim Nord III"]
[WhiteTeamCountry "GER"]
[BlackTeamCountry "GER"]

1. d4 g6 2. c4 Bg7 3. e4 c5 4. d5 d6 5. Qc2 Nf6 6. Nc3 0-0 7. Nf3 e6 8. Be2 Re8 9. h3 Na6 10. a3 exd5 11. cxd5 Qe7 12. Nd2 Nc7 13. 0-0 Bd7 14. Bd3 b5 15. b3 Nh5 16. Nf3 b4 17. axb4 cxb4 18. Bg5 f6 19. e5 bxc3 20. exd6 Qxd6 21. Bxg6 hxg6 22. Qxg6 Nf4 23. Bxf4 Qxf4 24. d6 Qxd6 25. Ng5 Qd5 26. Qh7+ Kf8 27. Rad1 Qf5 0-1

[Event "Ruhrgebiet VK2 0304"]
[Site "Ruhrgebiet"]
[Date "2003.10.12"]
[Round "2.1"]
[White "Franco, Victor"]
[Black "Schulze Bisping, Franz Adolf"]
[Result "1-0"]
[WhiteElo "2073"]
[BlackElo "1985"]
[PlyCount "140"]
[EventDate "2003.09.28"]
[EventType "team"]
[EventRounds "9"]
[EventCountry "GER"]
[SourceTitle "EXT 2007"]
[Source "ChessBase"]
[SourceDate "2006.11.23"]
[SourceVersion "1"]
[SourceVersionDate "2006.11.23"]
[SourceQuality "1"]
[WhiteTeam "Dortmund Hansa III"]
[BlackTeam "Erkenschwick II"]
[WhiteTeamCountry "GER"]
[BlackTeamCountry "GER"]

1. d4 e6 2. c4 b6 3. e4 Bb7 4. Bd3 Bb4+ 5. Bd2 Qe7 6. a3 Bxd2+ 7. Nxd2 f5 8. Ngf3 fxe4 9. Nxe4 Nf6 10. Qe2 0-0 11. 0-0 Nc6 12. Ng3 Rae8 13. Rfe1 Qd6 14. Rad1 Qf4 15. Qd2 Qxd2 16. Rxd2 Nd8 17. Ne4 Nh5 18. Neg5 g6 19. Ne5 d6 20. Nxg6 hxg6 21. Bxg6 Nf4 22. Bxe8 Rxe8 23. g3 Ng6 24. f4 Re7 25. Rde2 Nf8 26. f5 d5 27. fxe6 dxc4 28. Rf2 Bd5 29. Re5 c6 30. h4 Kg7 31. h5 Nh7 32. Nxh7 Kxh7 33. g4 Nxe6 34. g5 Rg7 35. g6+ Kh6 36. Rf7 b5 37. Kh2 a5 38. Kg3 b4 39. Kh4 c3 40. bxc3 bxc3 41. Re3 c2 42. Rc3 Nxd4 43. Rxg7 Nf5+ 44. Kg4 Nxg7 45. Rxc2 Nxh5 46. Kf5 Kg7 47. Rc5 Ng3+ 48. Ke5 Kxg6 49. Rxa5 Ne4 50. Ra7 Nc3 51. a4 Nxa4 52. Rxa4 Bf3 53. Ra3 Bd5 54. Ra8 Bb3 55. Ra7 Bc4 56. Rc7 Bd5 57. Rd7 Bg2 58. Rd6+ Kg7 59. Kf5 Bd5 60. Rd7+ Kh8 61. Kf6 Bb3 62. Rg7 Bd5 63. Kg6 Be4+ 64. Kh6 Bd5 65. Rg6 Be4 66. Re6 Bd5 67. Re8+ Bg8 68. Rc8 c5 69. Rxc5 Ba2 70. Rb5 Bd5 1-0